Städte Schleswig-Holsteins - Statistiken

Allgemein
  • Dieses Quiz wurde 231 mal gespielt
  • Das Durchschnittsergebnis liegt bei 8 aus 15
Antwortstatistiken
Hint Antwort % Korrekt
Kreisfreie Stadt Kiel
99%
Kreisfreie Stadt Lübeck
97%
Kreisfreie Stadt Flensburg
95%
Kreisfreie Stadt Neumünster
82%
----- Pinneberg
67%
Segeberg Norderstedt
58%
----- Rendsburg
58%
Steinburg Itzehoe
57%
----- Elmshorn
49%
Stormarn Bad Oldesloe
42%
Stormarn Ahrensburg
33%
Herzogtum Lauenburg Geesthacht
27%
----- Wedel
24%
Stormarn Reinbeck
18%
Segeberg Henstedt-Ulzburg
11%
Keine übereinstimmenden Quizze gefunden
Verteilung der Resultate
Anzahl Personen mit jedem Resultat
Perzentil nach korrekt beantworteten Fragen
Ihre Resultats-Entwicklung
Sie haben dieses Quiz noch nicht gespielt